Online katalóg knižníc regiónu Turca

Brunova veľká láska (Record no. 22844)

MARC details
000 -LEADER
fixed length control field 00860nam a2200289 a 4500
001 - CONTROL NUMBER
control field 22844
003 - CONTROL NUMBER IDENTIFIER
control field SK-KTurca
005 - DATE AND TIME OF LATEST TRANSACTION
control field 20260429131134.0
008 - FIXED-LENGTH DATA ELEMENTS--GENERAL INFORMATION
fixed length control field 950830s1995 xo 000 1 slo c
020 ## - INTERNATIONAL STANDARD BOOK NUMBER
International Standard Book Number 8071181528 (viaz.)
035 ## - SYSTEM CONTROL NUMBER
System control number UKB000003331
040 ## - CATALOGING SOURCE
Original cataloging agency BAA001
Language of cataloging slo
Transcribing agency BAA001
Description conventions AACR2
041 1# - LANGUAGE CODE
Language code of text/sound track or separate title slo
Language code of original ger
044 ## - COUNTRY OF PUBLISHING/PRODUCING ENTITY CODE
MARC country code xo
ISO country code SK
080 ## - UNIVERSAL DECIMAL CLASSIFICATION NUMBER
Universal Decimal Classification number 830-311.1
100 1# - MAIN ENTRY--PERSONAL NAME
Personal name Hammesfahr, Petra,
Dates associated with a name 1951-
245 10 - TITLE STATEMENT
Title Brunova veľká láska
Statement of responsibility, etc. Petra Hammesfahrová ; z nemeckého originálu preložila Viera Švenková
260 ## - PUBLICATION, DISTRIBUTION, ETC.
Place of publication, distribution, etc. Bratislava
Name of publisher, distributor, etc. Ikar
Date of publication, distribution, etc. 1995
300 ## - PHYSICAL DESCRIPTION
Extent 198 s.
530 ## - ADDITIONAL PHYSICAL FORM AVAILABLE NOTE
Additional physical form available note Dostupný aj zvukový záznam
650 07 - SUBJECT ADDED ENTRY--TOPICAL TERM
Topical term or geographic name entry element literatúra nemecká
650 07 - SUBJECT ADDED ENTRY--TOPICAL TERM
Topical term or geographic name entry element romány psychologické
653 ## - INDEX TERM--UNCONTROLLED
Uncontrolled term 830-311.1
700 1# - ADDED ENTRY--PERSONAL NAME
Personal name Švenková, Viera,
Dates associated with a name 1937-
Relationship trl
776 0# - ADDITIONAL PHYSICAL FORM ENTRY
Title Brunova veľká láska
Relationship information [zvukový záznam]
942 ## - ADDED ENTRY ELEMENTS (KOHA)
Source of classification or shelving scheme Dewey Decimal Classification
Koha item type Krásna literatúra pre dospelých
Suppress in OPAC No
Holdings
Stav vyradenia Strata Poškodenie Spôsob nadobudnutia Domovská knižnica Aktuálna knižnica Dátum nadobudnutia Total checkouts Čiarový kód exemplára Date last seen Typ exemplára
      Dar Obecná knižnica Turčianska Štiavnička Obecná knižnica Turčianska Štiavnička 29.04.2026   4738001105 29.04.2026 Krásna literatúra pre dospelých
Projekt je podporený Slovenskou asociáciou knižníc
Prevádzkuje Turčianska knižnica Martin 2026